LEADER 01750nam a2200325 4500 001 000000363641 003 CaOOAMICUS 005 20250721114310.0 008 250721s2023 gw 000 u eng r 020 $a978-3-515-13450-7 040 $aSeMil$bita 041 1 $ager$aeng 245 00$aViolence in antiquity :$breligious approaches to its legitimation and delegitimation /$cedited by = herausgegeben von Johannes Breuer & Jochen Walter. 246 01$aGewalt in der Antike :$breligiöse Ansätze zu ihrer Legitimierung und Delegitimierung 264 1$aStuttgart :$bFranz Steiner,$c2023. 300 $a191 p. ;$c24 cm 490 1 $aHamburger Studien zu Gesellschaften und Kulturen der Vormoderne ;$v26 546 $aContributi in tedesco e inglese 650 4$aViolenza - Aspetti religiosi.$0(OLS)http://semarc/subject/15074 650 4$aPunizione - Aspetti religiosi.$0(OLS)http://semarc/subject/51068 700 1 $aWalter, Jochen.$0(OLS)http://semarc/name/122447 700 1 $aBreuer, Johannes,$d<1979- >.$0(OLS)http://semarc/name/122446 830 0$aHamburger Studien zu Gesellschaften und Kulturen der Vormoderne ;$v26.$0(OLS)http://semarc/title/454924 850 $aSeMil 852 $aSeMil$W1$xVenegono$y1$m2R VI 42$j259988$B254506$CSeMilBibl$Z2$F254506 $81 996 $6020$a978-3-515-13450-7$9(OLS)http://semarc/number/303684 996 $6245$aViolence in antiquity :$breligious approaches to its legitimation and delegitimation$9(OLS)http://semarc/title/454922 996 $6246$aGewalt in der Antike :$breligiöse Ansätze zu ihrer Legitimierung und Delegitimierung$9(OLS)http://semarc/title/454923 996 $6264$aStuttgart :$bFranz Steiner$9(OLS)http://semarc/publisher/35333 LEADER 01165nam a2200289 i 4500 001 000000108611 003 CaOOAMICUS 005 20021002000000.0 008 021002s1997 it u000 u ita u 013 $a81291 020 $a88-8025-112-0 040 $aSeMil$bita 100 1 $aAngelini, Giuseppe,$c.$0(OLS)http://semarc/name/1093 245 10$aAssenza e ricerca di Dio nel nostro tempo /$cGiuseppe Angelini. 260 $aMilano :$bCentro Ambrosiano,$c1997. 300 $a210 p. ;$c21 cm. 500 $aFondo Card. C.M. Martini. 650 4$aDio - Filosofia.$0(OLS)http://semarc/subject/2018 650 4$aFede - Teologia fondamentale.$0(OLS)http://semarc/subject/172 650 4$aAteismo.$0(OLS)http://semarc/subject/2022 850 $aSeMil 852 $aSeMil$W1$xVenegono$y1$m2B III 91$j64686$B64686$CSeMilBibl$Z2$F100914 $81 941 1 $a4 961 $aOmaggio: Martini Card. Carlo Maria 996 $6020$a88-8025-112-0$9(OLS)http://semarc/number/89601 996 $6245$aAssenza e ricerca di Dio nel nostro tempo$9(OLS)http://semarc/title/157531 996 $6260$aMilano :$bCentro Ambrosiano$9(OLS)http://semarc/publisher/29766